00733 a2200229 45000010006000000050017000060080041000230030015000640400040000790800045001192450106001640200022002702640034002923000018003260410008003441000028003527000028003807000031004087000032004396500015004716500017004864639020260407155735.0260407a2008 arg spa dAR-UNSa-BCEJYS aAR-UNSa-BCEJYSbspacAR-UNSa-BCEJYS a369.5xSeguro de vejez (de jubilación)10aSistema integrado de jubilaciones y pesionesptrabajadores en relación de dependencia y autónomos a978-987-01-0827-6 1aBuenos Aires :bErreparc2008 a126 p.c28 p. aspa1 aParada, Ricardo Antonio1 aArgentina [Leyes, etc.]1 aErrecaborde, José Daniel1 aCañada, Francisco Roberto aLEY 24.241 a ley 24 241